Liberia : First and Second Reviews Under the Extended Credit Facility Arrangement, Request for Waivers of Nonobservance of Performance Criteria and Modification of Performance Criteria-Press Release; Staff Report; Staff Statement; and Statement by the Executive Director for Liberia.

Restoring macroeconomic stability, providing a foundation for sustainable inclusive growth, and addressing weaknesses in governance remain the main objectives of this program. While allowing for a slight fiscal loosening to meet humanitarian needs during the COVID-19 pandemic, tight monetary policy,...

Celý popis

Podrobná bibliografie
Korporativní autor: International Monetary Fund. African Dept
Médium: Časopis
Jazyk:English
Vydáno: Washington, D.C. : International Monetary Fund, 2021.
Edice:IMF Staff Country Reports; Country Report ; No. 2021/009
On-line přístup:Full text available on IMF
LEADER 02133cas a2200241 a 4500
001 AALejournalIMF021445
008 230101c9999 xx r poo 0 0eng d
020 |c 5.00 USD 
020 |z 9781513566283 
022 |a 1934-7685 
040 |a BD-DhAAL  |c BD-DhAAL 
110 2 |a International Monetary Fund.  |b African Dept. 
245 1 0 |a Liberia :   |b First and Second Reviews Under the Extended Credit Facility Arrangement, Request for Waivers of Nonobservance of Performance Criteria and Modification of Performance Criteria-Press Release; Staff Report; Staff Statement; and Statement by the Executive Director for Liberia. 
264 1 |a Washington, D.C. :  |b International Monetary Fund,  |c 2021. 
300 |a 1 online resource (126 pages) 
490 1 |a IMF Staff Country Reports 
500 |a <strong>Off-Campus Access:</strong> No User ID or Password Required 
500 |a <strong>On-Campus Access:</strong> No User ID or Password Required 
506 |a Electronic access restricted to authorized BRAC University faculty, staff and students 
520 3 |a Restoring macroeconomic stability, providing a foundation for sustainable inclusive growth, and addressing weaknesses in governance remain the main objectives of this program. While allowing for a slight fiscal loosening to meet humanitarian needs during the COVID-19 pandemic, tight monetary policy, much improved public financial management, domestic revenue mobilization, and zero central bank financing have supported the administration's efforts to achieve price and exchange rate stability. This has helped to preserve the purchasing power of the poor who were the most affected by the high inflation environment at the program's inception. The authorities consider bringing the ECF-supported program back on track of utmost importance and are committed to their development plan, the Pro-Poor Agenda for Prosperity and Development (PAPD). 
538 |a Mode of access: Internet 
830 0 |a IMF Staff Country Reports; Country Report ;  |v No. 2021/009 
856 4 0 |z Full text available on IMF  |u http://elibrary.imf.org/view/journals/002/2021/009/002.2021.issue-009-en.xml  |z IMF e-Library